000 00845nam a22002777a 4500
003 CHAP
005 20220329134329.0
008 971013s1963 r 00010 d
010 _a18886
011 _a19858
035 _a23943
040 _cCHAP
090 _aFolleto 4297
100 0 0 _aDíaz Bayas, Gustavo.
_933381
245 _aReglamento para la organización y funcionamiento de los clubes comunales de consumo
260 _aQuito :
_bMisión Andina,
_c1963
300 _a8 p.
590 _aBATCH-UPD
_b10
_c20130110
_lUCH01
_h2140
590 _aBATCH-UPD
_b10
_c20130410
_lUCH01
_h1449
590 _aBATCH-UPD
_b10
_c20130914
_lUCH01
_h2125
590 _aCONVERSION
_b10
_c20130109
_lUCH01
_h1311
650 1 4 _aAgricultura
_xClubes.
_91362
901 _aBK
942 _cFOLL
949 _aFolleto 4297
_bBC
_cFOLL
_d-55446
_eTS1
_i23943
_mD
_si
999 _c18886
_d18886